| 000 | 00415nam a22001457a 4500 | ||
|---|---|---|---|
| 020 | _qHB. | ||
| 040 | _cFIZZA ISHAQ | ||
| 082 |
_a720.3 _bHAR |
||
| 100 |
_a Harris, Cyril M. _947487 |
||
| 245 |
_aDictionary of architecture & construction / _cCyril M. Harris. |
||
| 250 | _a 4th ed. | ||
| 260 |
_a New York : _b McGraw-Hill, _c2006. |
||
| 300 |
_a xi, 1089 p. : ill. ; _c7.7 x 2.56 x 9.4 inches, |
||
| 942 |
_2ddc _cBK |
||
| 999 |
_c617284 _d617284 |
||